Bible characters. (Record no. 3569)

000 -LEADER
fixed length control field 00742nam a2200241 a 4500
001 - CONTROL NUMBER
control field :::00001300$&:&@@
003 - CONTROL NUMBER IDENTIFIER
control field OkBaRHE
005 - DATE AND TIME OF LATEST TRANSACTION
control field 20000607103243.0
008 - FIXED-LENGTH DATA ELEMENTS--GENERAL INFORMATION
fixed length control field s1904 j 000 0 eng u
040 ## - CATALOGING SOURCE
Transcribing agency
100 1# - MAIN ENTRY--PERSONAL NAME
Personal name Moody, Dwight Lyman, et al.
245 10 - TITLE STATEMENT
Title Bible characters.
260 ## - PUBLICATION, DISTRIBUTION, ETC. (IMPRINT)
Place of publication, distribution, etc Chicago, IL., :
Name of publisher, distributor, etc Rhodes & McClure Publishing Company
Date of publication, distribution, etc 1904
300 ## - PHYSICAL DESCRIPTION
Extent 894 p. : illus. ;
Dimensions 20 cm.
650 ## - SUBJECT ADDED ENTRY--TOPICAL TERM
Topical term or geographic name as entry element Bible
General subdivision Biography
700 ## - ADDED ENTRY--PERSONAL NAME
Personal name Beecher, Henry Ward.
700 ## - ADDED ENTRY--PERSONAL NAME
Personal name Guthrie, Thomas.
700 ## - ADDED ENTRY--PERSONAL NAME
Personal name Parker, Joseph.
700 ## - ADDED ENTRY--PERSONAL NAME
Personal name Spurgeon, Charles Haddon.
700 ## - ADDED ENTRY--PERSONAL NAME
Personal name Talmage, T. De Witt.
942 ## - ADDED ENTRY ELEMENTS (KOHA)
Source of classification or shelving scheme
Koha item type Books
Copies
Lost status Date last seen Price effective from Withdrawn status Shelving location Permanent Location Copy number Koha item type Barcode Full call number Source of classification or shelving scheme Date acquired Not for loan Damaged status
 2010-04-142010-04-14 General StacksRHEMA Bible Training College1Books1300BS 571.5 .M65 2010-04-14